000 00512nam a2200181Ia 4500
001 7329
008 140321s9999 xx 000 0 und d
020 _a1-56884-848-x
040 _cPK-LaUMT
082 _a 004.67
_bTIT-W
100 _aGaither, Mark, J.A.; (Hassinger, Sebastian), J.A.
245 _aWeb programming secrets with HTML, CGI, and perl
_cGaither, Mark, J.A.; (Hassinger, Sebastian), J.A.<>Titel, Ed.
260 _c1996
300 _a828 p.
546 _aEN
700 _aTitel, Ed.
942 _cBK
999 _c8779
_d8779